[Event "Lasker B 2018"]
[Site "?"]
[Date "2018.07.06"]
[Round "6.7"]
[White "Przysiecki, Kajetan"]
[Black "Reinecke, Katharina"]
[Result "*"]
[WhiteElo "1771"]
[BlackElo "1857"]
[PlyCount "80"]
[EventDate "2018.??.??"]
[WhiteClock "0:03:32"]
[BlackClock "0:20:06"]

1. d4 d5 2. c4 c6 3. e3 Nf6 4. Nc3 Bf5 5. Nf3 a6 6. a4 e6 7. Be2 h6 8. O-O Be7
9. Nd2 O-O 10. f3 Bh7 11. Qb3 Qc7 12. c5 a5 13. Rd1 Na6 14. Na2 Rfe8 15. Nf1
Bf8 16. Bd2 e5 17. Ng3 h5 18. Bd3 Bxd3 19. Qxd3 g6 20. Qc3 exd4 21. exd4 Nb8
22. Bg5 Nbd7 23. Qd2 b6 24. cxb6 Qxb6 25. Bxf6 Nxf6 26. Kh1 c5 27. Nc3 c4 28.
Nb5 Kg7 29. Rab1 Bb4 30. Qg5 Kh7 31. Qf4 Re7 32. h3 Rae8 33. Nc3 Qe6 34. Nf1
Bd6 35. Qd2 Qf5 36. Kg1 Bb4 37. Qf2 Qg5 38. h4 Qf4 39. Rd2 Qf5 40. Rbd1 Qd7 *

[Event "Lasker B 2018"]
[Site "?"]
[Date "2018.07.06"]
[Round "6.6"]
[White "Krolik, Wladyslaw"]
[Black "Czechowski, Jakub"]
[Result "0-1"]
[BlackElo "1880"]
[WhiteElo "1639"]
[LiveChessVersion "1.4.8"]

1. g3 {[%clk 1:30:50]} d5 {[%clk 1:30:57]} 2. e3 {[%clk 1:31:00]} c5
{[%clk 1:31:18]} 3. d3 {[%clk 1:31:11]} e5 {[%clk 1:31:44]} 4. Nd2
{[%clk 1:30:11]} Nc6 {[%clk 1:31:58]} 5. Bg2 {[%clk 1:30:25]} Be6
{[%clk 1:32:23]} 6. b3 {[%clk 1:30:27]} Qd7 {[%clk 1:32:47]} 7. h3
{[%clk 1:29:17]} f6 {[%clk 1:33:05]} 8. Bb2 {[%clk 1:28:10]} h5 {[%clk 1:33:04]}
9. Ne2 {[%clk 1:27:46]} O-O-O {[%clk 1:32:38]} 10. e4 {[%clk 1:26:26]} d4
{[%clk 1:31:46]} 11. a3 {[%clk 1:26:02]} Nge7 {[%clk 1:30:07]} 12. Nc4
{[%clk 1:25:33]} b5 {[%clk 1:29:45]} 13. Nd2 {[%clk 1:25:25]} Kb7
{[%clk 1:29:06]} 14. Nf3 {[%clk 1:23:10]} a6 {[%clk 1:28:11]} 15. Qd2
{[%clk 1:23:08]} g5 {[%clk 1:26:50]} 16. Nfg1 {[%clk 1:22:16]} Bh6
{[%clk 1:21:28]} 17. Qd1 {[%clk 1:18:37]} Nc8 {[%clk 1:18:11]} 18. Bc1
{[%clk 1:17:07]} Nb6 {[%clk 1:17:44]} 19. h4 {[%clk 1:17:08]} Qf7
{[%clk 1:16:03]} 20. Bh3 {[%clk 1:15:29]} g4 {[%clk 1:14:56]} 21. Bg2
{[%clk 1:15:40]} c4 {[%clk 1:14:50]} 22. Bxh6 {[%clk 1:13:10]} Rxh6
{[%clk 1:12:25]} 23. Nc1 {[%clk 1:13:03]} cxb3 {[%clk 1:03:06]} 24. cxb3
{[%clk 1:12:32]} b4 {[%clk 1:00:50]} 25. Nge2 {[%clk 1:09:54]} bxa3
{[%clk 0:54:57]} 26. Rxa3 {[%clk 1:09:52]} Qe7 {[%clk 0:51:09]} 27. Ra1
{[%clk 1:09:42]} Qb4+ {[%clk 0:49:54]} 28. Qd2 {[%clk 1:09:36]} Rc8
{[%clk 0:48:45]} 29. Rb1 {[%clk 1:07:01]} Qxd2+ {[%clk 0:47:30]} 30. Kxd2
{[%clk 1:07:04]} Nb4 {[%clk 0:47:58]} 31. Rb2 {[%clk 1:06:49]} Rh7
{[%clk 0:48:06]} 32. f4 {[%clk 1:02:24]} Rhc7 {[%clk 0:47:08]} 33. fxe5
{[%clk 1:01:50]} fxe5 {[%clk 0:47:36]} 34. Rf1 {[%clk 1:01:02]} Nd7
{[%clk 0:47:46]} 35. Na2 {[%clk 1:00:21]} Rc2+ {[%clk 0:46:14]} 0-1

[Event "Lasker B 2018"]
[Site "?"]
[Date "2018.07.06"]
[Round "6.5"]
[White "Gigola, Jacek"]
[Black "Koziorowicz, Michal"]
[Result "*"]
[BlackElo "1644"]
[WhiteElo "1881"]
[LiveChessVersion "1.4.8"]

1. d4 {[%clk 1:30:57]} Nf6 {[%clk 1:30:57]} 2. Nf3 {[%clk 1:31:10]} g6
{[%clk 1:31:22]} 3. Bf4 {[%clk 1:30:13]} Bg7 {[%clk 1:31:39]} 4. e3
{[%clk 1:30:34]} d6 {[%clk 1:28:38]} 5. h3 {[%clk 1:26:54]} Nfd7 {[%clk 1:26:21]}
6. Nc3 {[%clk 1:00:44]} O-O {[%clk 1:15:54]} 7. Be2 {[%clk 0:59:40]} c5
{[%clk 1:07:13]} 8. O-O {[%clk 0:58:35]} a6 {[%clk 0:57:11]} 9. a4
{[%clk 0:58:47]} cxd4 {[%clk 0:57:23]} 10. exd4 {[%clk 0:58:29]} Nc6
{[%clk 0:55:13]} 11. Qd2 {[%clk 0:48:42]} Re8 {[%clk 0:43:42]} 12. Rad1
{[%clk 0:26:03]} Qa5 {[%clk 0:33:28]} 13. Bh6 {[%clk 0:16:38]} Bh8
{[%clk 0:30:58]} 14. Bc4 {[%clk 0:12:48]} Qh5 {[%clk 0:26:48]} 15. Qg5
{[%clk 0:05:18]} Nf6 {[%clk 0:14:46]} 16. Qxh5 {[%clk 0:05:27]} Nxh5
{[%clk 0:15:14]} 17. Nd5 {[%clk 0:01:27]} Be6 {[%clk 0:14:36]} 18. Bb3
{[%clk 0:01:21]} Bxd5 {[%clk 0:13:18]} 19. Bxd5 {[%clk 0:01:49]} e6
{[%clk 0:13:39]} 20. Ba2 {[%clk 0:01:24]} b5 {[%clk 0:11:21]} 21. d5
{[%clk 0:00:54]} Nb4 {[%clk 0:06:25]} 22. Bb3 {[%clk 0:01:22]} Nxd5
{[%clk 0:06:44]} 23. Bxd5 {[%clk 0:01:20]} exd5 {[%clk 0:07:14]} 24. axb5
{[%clk 0:01:08]} Bxb2 {[%clk 0:05:57]} 25. bxa6 {[%clk 0:01:15]} Rxa6
{[%clk 0:06:06]} *

[Event "Lasker B 2018"]
[Site "?"]
[Date "2018.07.06"]
[Round "6.4"]
[White "Nadstoga, Wojciech"]
[Black "Majdanski, Maksymilian"]
[Result "*"]
[BlackElo "1763"]
[WhiteElo "1933"]
[LiveChessVersion "1.4.8"]

1. Nf3 {[%clk 1:30:47]} Nf6 {[%clk 1:30:54]} 2. g3 {[%clk 1:31:09]} d5
{[%clk 1:31:08]} 3. Bg2 {[%clk 1:31:32]} c6 {[%clk 1:31:27]} 4. O-O
{[%clk 1:31:53]} Bf5 {[%clk 1:31:07]} 5. h3 {[%clk 1:31:57]} h6 {[%clk 1:30:25]}
6. d3 {[%clk 1:32:05]} e6 {[%clk 1:30:24]} 7. Nbd2 {[%clk 1:32:09]} Be7
{[%clk 1:30:04]} 8. b3 {[%clk 1:30:07]} a5 {[%clk 1:27:58]} 9. Bb2
{[%clk 1:27:22]} O-O {[%clk 1:26:39]} 10. c4 {[%clk 1:27:08]} Na6
{[%clk 1:24:53]} 11. a3 {[%clk 1:26:02]} Bh7 {[%clk 1:11:40]} 12. Ne5
{[%clk 1:01:31]} Nd7 {[%clk 0:59:53]} 13. Nxd7 {[%clk 0:55:49]} Qxd7
{[%clk 1:00:20]} 14. Bc3 {[%clk 0:56:13]} Nc7 {[%clk 0:58:38]} 15. Nf3
{[%clk 0:50:29]} f6 {[%clk 0:55:57]} 16. Qd2 {[%clk 0:48:55]} a4 {[%clk 0:42:11]}
17. b4 {[%clk 0:39:54]} e5 {[%clk 0:37:35]} 18. Qa2 {[%clk 0:28:13]} Kh8
{[%clk 0:34:31]} 19. Rad1 {[%clk 0:26:37]} Qe6 {[%clk 0:24:16]} 20. Rfe1
{[%clk 0:19:00]} Bg8 {[%clk 0:21:26]} 21. Nh4 {[%clk 0:18:29]} Kh7
{[%clk 0:16:50]} 22. g4 {[%clk 0:18:08]} g6 {[%clk 0:16:24]} 23. e4
{[%clk 0:09:29]} d4 {[%clk 0:15:05]} 24. Bd2 {[%clk 0:09:49]} b5 {[%clk 0:14:12]}
25. Bf1 {[%clk 0:10:11]} Rfb8 {[%clk 0:12:27]} 26. Qc2 {[%clk 0:10:07]} c5
{[%clk 0:11:47]} 27. Rb1 {[%clk 0:08:20]} bxc4 {[%clk 0:10:50]} 28. dxc4
{[%clk 0:08:33]} cxb4 {[%clk 0:10:38]} 29. axb4 {[%clk 0:08:41]} a3
{[%clk 0:09:58]} 30. b5 {[%clk 0:07:40]} Qb6 {[%clk 0:07:13]} 31. Bd3
{[%clk 0:07:49]} f5 {[%clk 0:05:53]} *

[Event "Lasker B 2018"]
[Site "?"]
[Date "2018.07.06"]
[Round "6.3"]
[White "Dzida, Kamil"]
[Black "Mielke, Torsten"]
[Result "1-0"]
[BlackElo "1716"]
[WhiteElo "1854"]
[LiveChessVersion "1.4.8"]

1. e4 {[%clk 1:30:56]} e5 {[%clk 1:30:54]} 2. Nf3 {[%clk 1:31:22]} Nc6
{[%clk 1:31:21]} 3. Bb5 {[%clk 1:31:46]} Bc5 {[%clk 1:31:47]} 4. O-O
{[%clk 1:30:32]} d6 {[%clk 1:31:40]} 5. c3 {[%clk 1:26:54]} Bd7 {[%clk 1:30:52]}
6. d4 {[%clk 1:27:03]} exd4 {[%clk 1:30:32]} 7. cxd4 {[%clk 1:27:28]} Bb6
{[%clk 1:29:31]} 8. Nc3 {[%clk 1:27:33]} a6 {[%clk 1:29:29]} 9. Ba4
{[%clk 1:27:49]} Ba7 {[%clk 1:28:20]} 10. h3 {[%clk 1:28:06]} Nce7
{[%clk 1:27:13]} 11. Bb3 {[%clk 1:28:01]} h6 {[%clk 1:26:45]} 12. Re1
{[%clk 1:24:18]} g5 {[%clk 1:23:50]} 13. e5 {[%clk 1:21:26]} g4 {[%clk 1:21:39]}
14. exd6 {[%clk 1:21:49]} cxd6 {[%clk 1:21:41]} 15. hxg4 {[%clk 1:22:04]} Bxg4
{[%clk 1:21:23]} 16. Nd5 {[%clk 1:22:22]} Kf8 {[%clk 1:20:23]} 17. Bf4
{[%clk 1:19:06]} Nxd5 {[%clk 1:17:51]} 18. Bxd5 {[%clk 1:19:23]} Nf6
{[%clk 1:18:08]} 19. Bxb7 {[%clk 1:18:37]} Rb8 {[%clk 1:16:48]} 20. Bxa6
{[%clk 1:18:44]} h5 {[%clk 1:13:52]} 21. Qd2 {[%clk 1:14:23]} Nd5
{[%clk 1:05:57]} 22. Bh6+ {[%clk 1:14:40]} Kg8 {[%clk 1:06:00]} 23. Re8+
{[%clk 1:14:46]} 1-0

[Event "Lasker B 2018"]
[Site "?"]
[Date "2018.07.06"]
[Round "6.2"]
[White "Raczykowska, Paulina"]
[Black "Twardowski, Hubert"]
[Result "*"]
[BlackElo "1728"]
[WhiteElo "1857"]
[LiveChessVersion "1.4.8"]

1. e4 {[%clk 1:30:57]} d6 {[%clk 1:30:22]} 2. d4 {[%clk 1:31:22]} Nf6
{[%clk 1:30:39]} 3. Nc3 {[%clk 1:31:32]} g6 {[%clk 1:30:51]} 4. Nf3
{[%clk 1:30:08]} Bg7 {[%clk 1:29:27]} 5. Bc4 {[%clk 1:29:31]} O-O
{[%clk 1:29:10]} 6. O-O {[%clk 1:27:51]} Nxe4 {[%clk 1:22:32]} 7. Nxe4
{[%clk 1:06:54]} d5 {[%clk 1:22:16]} 8. Bd3 {[%clk 1:06:08]} dxe4
{[%clk 1:22:36]} 9. Bxe4 {[%clk 1:06:31]} f5 {[%clk 1:09:17]} 10. Bd3
{[%clk 1:06:40]} Nc6 {[%clk 1:09:18]} 11. c3 {[%clk 1:04:49]} e5 {[%clk 1:05:35]}
12. dxe5 {[%clk 0:54:11]} Nxe5 {[%clk 1:04:16]} 13. Nxe5 {[%clk 0:53:40]} Bxe5
{[%clk 1:04:25]} 14. Re1 {[%clk 0:47:40]} Qd6 {[%clk 0:58:20]} 15. Bc4+
{[%clk 0:41:58]} Kg7 {[%clk 0:54:31]} 16. Qxd6 {[%clk 0:39:51]} Bxd6
{[%clk 0:52:08]} 17. Be3 {[%clk 0:39:32]} Bd7 {[%clk 0:35:14]} 18. Rad1
{[%clk 0:35:21]} Rfe8 {[%clk 0:33:57]} 19. Bd5 {[%clk 0:30:12]} Bc6
{[%clk 0:33:01]} 20. Bxc6 {[%clk 0:20:26]} bxc6 {[%clk 0:30:28]} 21. g3
{[%clk 0:19:37]} Kf7 {[%clk 0:28:31]} 22. Rd4 {[%clk 0:18:45]} Rab8
{[%clk 0:12:52]} 23. b3 {[%clk 0:18:04]} Re5 {[%clk 0:05:22]} 24. Ra4
{[%clk 0:12:37]} Rb7 {[%clk 0:03:02]} 25. Rd1 {[%clk 0:12:09]} c5
{[%clk 0:02:49]} 26. Ra6 {[%clk 0:09:46]} Ke6 {[%clk 0:02:24]} 27. c4
{[%clk 0:08:14]} Ke7 {[%clk 0:02:18]} 28. Bg5+ {[%clk 0:08:03]} Kd7
{[%clk 0:02:19]} *

[Event "Lasker B 2018"]
[Site "?"]
[Date "2018.07.05"]
[Round "4.12"]
[White "Krzyszewski, Dawid"]
[Black "Lewandowski, Witold"]
[Result "0-1"]
[BlackElo "1444"]
[WhiteElo "1356"]
[LiveChessVersion "1.4.8"]

1. e4 {[%clk 1:30:58]} c5 {[%clk 1:30:54]} 2. Nf3 {[%clk 1:31:18]} g6
{[%clk 1:31:11]} 3. d4 {[%clk 1:31:28]} cxd4 {[%clk 1:31:36]} 4. Nxd4
{[%clk 1:31:49]} Nc6 {[%clk 1:32:01]} 5. Nc3 {[%clk 1:31:58]} Bg7
{[%clk 1:32:25]} 6. Be3 {[%clk 1:32:19]} Nf6 {[%clk 1:32:46]} 7. f3
{[%clk 1:32:12]} O-O {[%clk 1:30:05]} 8. Qd2 {[%clk 1:32:20]} d5 {[%clk 1:27:56]}
9. exd5 {[%clk 1:31:32]} Nxd5 {[%clk 1:28:15]} 10. Nxc6 {[%clk 1:30:42]} bxc6
{[%clk 1:28:35]} 11. O-O-O {[%clk 1:30:15]} Be6 {[%clk 1:24:59]} 12. Ba6
{[%clk 1:28:06]} Nxc3 {[%clk 1:18:41]} 13. Qxd8 {[%clk 1:28:09]} Nxa2+
{[%clk 1:18:21]} 14. Kb1 {[%clk 1:27:46]} Raxd8 {[%clk 1:17:18]} 15. Rxd8
{[%clk 1:27:51]} Rxd8 {[%clk 1:17:42]} 16. Bf4 {[%clk 1:27:34]} Nb4
{[%clk 1:16:45]} 17. Bb7 {[%clk 1:27:49]} Bf5 {[%clk 1:14:07]} 18. Rc1
{[%clk 1:27:38]} e5 {[%clk 1:12:16]} 19. g4 {[%clk 1:24:39]} Bxc2+
{[%clk 1:09:24]} 20. Rxc2 {[%clk 1:24:45]} Nxc2 {[%clk 1:09:46]} 21. Kxc2
{[%clk 1:25:09]} exf4 {[%clk 1:10:12]} 0-1

[Event "Lasker B 2018"]
[Site "?"]
[Date "2018.07.05"]
[Round "4.11"]
[White "Krolik, Wladyslaw"]
[Black "Urbanowicz, Wojciech"]
[Result "1/2-1/2"]
[BlackElo "1587"]
[WhiteElo "1639"]
[LiveChessVersion "1.4.8"]

1. g3 {[%clk 1:30:53]} e5 {[%clk 1:30:26]} 2. d3 {[%clk 1:31:00]} d5
{[%clk 1:30:34]} 3. e3 {[%clk 1:31:12]} Nf6 {[%clk 1:30:08]} 4. Bg2
{[%clk 1:31:17]} Bg4 {[%clk 1:29:47]} 5. Ne2 {[%clk 1:31:25]} c5 {[%clk 1:28:20]}
6. b3 {[%clk 1:29:42]} Nc6 {[%clk 1:24:56]} 7. Bb2 {[%clk 1:29:44]} Be7
{[%clk 1:21:36]} 8. Nd2 {[%clk 1:28:55]} O-O {[%clk 1:21:36]} 9. O-O
{[%clk 1:28:48]} Rc8 {[%clk 1:20:53]} 10. a3 {[%clk 1:28:27]} b5 {[%clk 1:19:59]}
11. h3 {[%clk 1:27:16]} Be6 {[%clk 1:18:55]} 12. a4 {[%clk 1:25:13]} a6
{[%clk 1:18:16]} 13. Re1 {[%clk 1:22:26]} Qd7 {[%clk 1:18:13]} 14. Kh2
{[%clk 1:22:29]} Rfd8 {[%clk 1:18:21]} 15. Nc3 {[%clk 1:21:12]} Qb7
{[%clk 1:16:56]} 16. axb5 {[%clk 1:20:30]} axb5 {[%clk 1:17:17]} 17. Qe2
{[%clk 1:19:56]} c4 {[%clk 1:13:05]} 18. Reb1 {[%clk 1:17:05]} d4
{[%clk 1:12:42]} 19. bxc4 {[%clk 1:13:35]} dxc3 {[%clk 1:12:42]} 20. Bxc3
{[%clk 1:13:00]} b4 {[%clk 1:11:22]} 21. Bxe5 {[%clk 1:11:58]} Qd7
{[%clk 1:10:42]} 22. Bb2 {[%clk 1:10:26]} h5 {[%clk 1:08:38]} 23. Ra6
{[%clk 1:09:41]} Bf5 {[%clk 1:01:01]} 24. Bxf6 {[%clk 1:08:30]} Bxf6
{[%clk 1:01:12]} 25. Qxh5 {[%clk 1:08:13]} g6 {[%clk 0:59:38]} 26. Qe2
{[%clk 1:07:42]} Kg7 {[%clk 0:59:17]} 27. g4 {[%clk 1:04:55]} Be6
{[%clk 0:59:26]} 28. Ne4 {[%clk 1:02:23]} Be7 {[%clk 0:59:20]} 29. Ng3
{[%clk 1:00:13]} Ne5 {[%clk 0:55:40]} 30. f4 {[%clk 0:59:13]} Nxg4+
{[%clk 0:53:09]} 31. hxg4 {[%clk 0:58:15]} Bxg4 {[%clk 0:53:32]} 32. Qf2
{[%clk 0:53:41]} Rh8+ {[%clk 0:53:42]} 33. Kg1 {[%clk 0:53:24]} Qd8 1/2-1/2

[Event "Lasker B 2018"]
[Site "?"]
[Date "2018.07.05"]
[Round "4.9"]
[White "Kugler, Pawel"]
[Black "Gniado, Radoslaw"]
[Result "0-1"]
[BlackElo "1805"]
[WhiteElo "1575"]
[LiveChessVersion "1.4.8"]

1. b3 {[%clk 1:30:58]} d6 {[%clk 1:30:15]} 2. Bb2 {[%clk 1:31:26]} e5
{[%clk 1:30:09]} 3. c4 {[%clk 1:31:55]} Nf6 {[%clk 1:30:16]} 4. Qc2
{[%clk 1:32:04]} Nc6 {[%clk 1:30:04]} 5. a3 {[%clk 1:32:22]} g6 {[%clk 1:29:41]}
6. e3 {[%clk 1:30:59]} Bf5 {[%clk 1:26:57]} 7. d3 {[%clk 1:31:19]} Bg7
{[%clk 1:26:49]} 8. Nd2 {[%clk 1:31:13]} O-O {[%clk 1:13:11]} 9. Ngf3
{[%clk 1:31:22]} Re8 {[%clk 1:12:49]} 10. Nh4 {[%clk 1:30:36]} Bd7
{[%clk 1:12:39]} 11. Be2 {[%clk 1:30:08]} a5 {[%clk 1:05:27]} 12. O-O
{[%clk 1:29:20]} Qe7 {[%clk 1:03:24]} 13. Nhf3 {[%clk 1:26:27]} Bf5
{[%clk 0:56:08]} 14. e4 {[%clk 1:19:08]} Bd7 {[%clk 0:55:15]} 15. Kh1
{[%clk 1:18:00]} Nh5 {[%clk 0:54:26]} 16. Rg1 {[%clk 1:10:08]} Nf4
{[%clk 0:53:34]} 17. Bd1 {[%clk 1:05:26]} h5 {[%clk 0:48:02]} 18. Nf1
{[%clk 1:03:33]} g5 {[%clk 0:41:43]} 19. Ne3 {[%clk 1:03:21]} g4 {[%clk 0:39:37]}
20. Ne1 {[%clk 0:59:11]} Qg5 {[%clk 0:32:10]} 21. Nd5 {[%clk 0:58:45]} Rac8
{[%clk 0:31:21]} 22. Bc1 {[%clk 0:56:15]} Nd4 {[%clk 0:23:27]} 23. Qd2
{[%clk 0:56:07]} Qg6 {[%clk 0:23:05]} 24. Qxa5 {[%clk 0:53:35]} Nxd5
{[%clk 0:19:31]} 25. cxd5 {[%clk 0:51:13]} f5 {[%clk 0:19:04]} 26. f3
{[%clk 0:50:28]} Rf8 {[%clk 0:17:06]} 27. Qd2 {[%clk 0:50:17]} f4
{[%clk 0:15:44]} 28. a4 {[%clk 0:45:05]} Bf6 29. Bb2 {[%clk 0:43:14]} c5
{[%clk 0:13:18]} 30. dxc6 {[%clk 0:43:20]} Nxc6 {[%clk 0:13:29]} 31. Nc2
{[%clk 0:42:16]} Rf7 {[%clk 0:12:45]} 32. b4 {[%clk 0:41:27]} Rg7
{[%clk 0:11:05]} 33. b5 {[%clk 0:41:35]} Ne7 {[%clk 0:10:09]} 34. Nb4
{[%clk 0:40:28]} Bh4 {[%clk 0:08:28]} 35. d4 {[%clk 0:37:55]} gxf3
{[%clk 0:07:00]} 36. Bxf3 {[%clk 0:38:22]} Qe6 {[%clk 0:01:43]} 37. dxe5
{[%clk 0:36:30]} dxe5 {[%clk 0:02:06]} 38. Rad1 {[%clk 0:36:25]} Be8
{[%clk 0:02:11]} 39. Qd6 {[%clk 0:29:54]} Qxd6 {[%clk 0:02:21]} 40. Rxd6
{[%clk 0:30:22]} Bf2 {[%clk 0:02:41]} 41. Rgd1 {[%clk 0:30:42]} Bc5
{[%clk 0:02:12]} 42. Rd8 {[%clk 0:26:33]} Bxb4 {[%clk 0:02:11]} 43. Rxc8
{[%clk 0:27:01]} Nxc8 {[%clk 0:02:29]} 44. Rd8 {[%clk 0:27:20]} Nd6
{[%clk 0:02:12]} 45. Bxe5 {[%clk 0:26:39]} Rd7 {[%clk 0:02:17]} 46. Bxd6
{[%clk 0:24:23]} Rxd8 {[%clk 0:01:58]} 47. Bxb4 {[%clk 0:24:52]} Rd4
{[%clk 0:02:05]} 48. Bc5 {[%clk 0:23:40]} Rc4 {[%clk 0:02:20]} 49. Bg1
{[%clk 0:24:05]} Rxa4 {[%clk 0:02:28]} 50. b6 {[%clk 0:24:07]} Bc6
{[%clk 0:01:36]} 51. Bxh5 {[%clk 0:22:55]} Bxe4 {[%clk 0:01:54]} 52. Bf3
{[%clk 0:22:36]} Bxf3 {[%clk 0:00:48]} 53. gxf3 {[%clk 0:23:05]} Ra2
{[%clk 0:01:01]} 54. Bd4 {[%clk 0:23:09]} Re2 {[%clk 0:01:02]} 55. Kg1
{[%clk 0:23:14]} Kf7 {[%clk 0:01:19]} 56. Bf2 {[%clk 0:23:40]} Kg6
{[%clk 0:01:27]} 57. Kf1 {[%clk 0:22:06]} Rb2 {[%clk 0:01:33]} 58. Ke1
{[%clk 0:21:38]} Kf5 {[%clk 0:01:50]} 59. Kf1 {[%clk 0:21:08]} Rc2
{[%clk 0:02:13]} 60. h3 {[%clk 0:16:56]} Ke5 {[%clk 0:02:13]} 61. h4
{[%clk 0:16:59]} Rc6 {[%clk 0:02:28]} 62. Ke2 {[%clk 0:17:00]} Rg6
{[%clk 0:02:29]} 63. Kd3 {[%clk 0:15:58]} Rg2 {[%clk 0:01:37]} 64. Ke2
{[%clk 0:16:25]} Kd5 {[%clk 0:01:42]} 65. Kf1 {[%clk 0:16:51]} Rg6
{[%clk 0:02:02]} 66. Ke2 {[%clk 0:17:20]} Kc4 {[%clk 0:02:21]} 67. Kd2
{[%clk 0:17:16]} Rd6+ {[%clk 0:02:36]} 68. Ke2 {[%clk 0:17:44]} Kc3
{[%clk 0:02:52]} 69. Be1+ {[%clk 0:18:01]} Kc2 {[%clk 0:03:12]} 70. Bf2
{[%clk 0:17:09]} Re6+ {[%clk 0:03:35]} 71. Kf1 {[%clk 0:17:07]} Kd3
{[%clk 0:03:56]} 72. Bc5 {[%clk 0:16:09]} Rc6 {[%clk 0:04:07]} 73. Bf2
{[%clk 0:16:26]} Rc1+ {[%clk 0:03:56]} 74. Kg2 {[%clk 0:16:29]} Ke2
{[%clk 0:04:19]} 75. h5 {[%clk 0:16:01]} Rc6 {[%clk 0:04:20]} 76. Bh4
{[%clk 0:15:41]} Rxb6 {[%clk 0:03:13]} 77. Bg5 {[%clk 0:16:10]} Rb5
{[%clk 0:03:33]} 78. Bxf4 {[%clk 0:15:08]} Rxh5 {[%clk 0:03:57]} 79. Kg3
{[%clk 0:13:55]} Rf5 {[%clk 0:04:09]} 80. Kg4 {[%clk 0:14:18]} Rf7
{[%clk 0:04:31]} 0-1

[Event "Lasker B 2018"]
[Site "?"]
[Date "2018.07.05"]
[Round "4.8"]
[White "Gigola, Jacek"]
[Black "Bola, Zygmunt"]
[Result "1-0"]
[BlackElo "1703"]
[WhiteElo "1881"]
[LiveChessVersion "1.4.8"]

1. e4 {[%clk 1:30:59]} d5 {[%clk 1:30:44]} 2. exd5 {[%clk 1:31:21]} Qxd5
{[%clk 1:31:07]} 3. Nc3 {[%clk 1:31:38]} Qe5+ {[%clk 1:31:08]} 4. Be2
{[%clk 1:32:00]} c6 {[%clk 1:31:31]} 5. Nf3 {[%clk 1:32:21]} Qc7 {[%clk 1:31:49]}
6. d4 {[%clk 1:32:43]} Nf6 {[%clk 1:32:09]} 7. Ne5 {[%clk 1:32:51]} e6
{[%clk 1:32:21]} 8. Bf4 {[%clk 1:33:07]} Bd6 {[%clk 1:32:41]} 9. Qd3
{[%clk 1:33:06]} Nbd7 {[%clk 1:32:54]} 10. Qg3 {[%clk 1:32:30]} g6
{[%clk 1:32:23]} 11. Nxd7 {[%clk 1:31:18]} Bxf4 {[%clk 1:31:33]} 12. Nxf6+
{[%clk 1:31:37]} Ke7 {[%clk 1:31:09]} 13. Qf3 {[%clk 1:20:46]} Bh6
{[%clk 1:13:35]} 14. O-O {[%clk 0:19:56]} Bg7 {[%clk 1:13:17]} 15. Nce4
{[%clk 0:20:17]} b6 {[%clk 1:11:43]} 16. Qa3+ {[%clk 0:11:42]} Kd8
{[%clk 0:59:56]} 17. Rad1 {[%clk 0:11:30]} Bf8 {[%clk 0:56:37]} 18. Qg3
{[%clk 0:09:51]} h6 {[%clk 0:53:21]} 19. c4 {[%clk 0:09:10]} Bb7 {[%clk 0:53:13]}
20. d5 {[%clk 0:08:29]} exd5 {[%clk 0:47:33]} 21. cxd5 {[%clk 0:08:38]} c5
{[%clk 0:46:39]} 22. d6 {[%clk 0:08:23]} Qc8 {[%clk 0:40:45]} 23. Bg4
{[%clk 0:08:28]} Qb8 {[%clk 0:41:07]} 24. Qe5 {[%clk 0:08:33]} Bc6
{[%clk 0:41:30]} 25. Nd5 {[%clk 0:07:52]} 1-0

[Event "Lasker B 2018"]
[Site "?"]
[Date "2018.07.05"]
[Round "4.6"]
[White "Przysiecki, Kajetan"]
[Black "Majdanski, Maksymilian"]
[Result "1/2-1/2"]
[BlackElo "1763"]
[WhiteElo "1771"]
[LiveChessVersion "1.4.8"]

1. d4 {[%clk 1:30:58]} Nf6 {[%clk 1:30:55]} 2. c4 {[%clk 1:31:20]} c5
{[%clk 1:31:22]} 3. e3 {[%clk 1:31:24]} cxd4 {[%clk 1:30:39]} 4. exd4
{[%clk 1:31:50]} d5 {[%clk 1:30:15]} 5. Nf3 {[%clk 1:31:54]} Nc6 {[%clk 1:27:02]}
6. Nc3 {[%clk 1:32:00]} Bg4 {[%clk 1:25:56]} 7. cxd5 {[%clk 1:30:51]} Nxd5
{[%clk 1:26:06]} 8. Bb5 {[%clk 1:30:38]} Rc8 {[%clk 1:13:05]} 9. O-O
{[%clk 1:26:00]} e6 {[%clk 1:10:25]} 10. h3 {[%clk 1:25:21]} Bh5 {[%clk 1:08:12]}
11. g4 {[%clk 1:25:03]} Bg6 {[%clk 1:07:21]} 12. Ne5 {[%clk 1:24:07]} Nxc3
{[%clk 1:05:01]} 13. bxc3 {[%clk 1:24:31]} Bd6 {[%clk 1:05:08]} 14. Nxc6
{[%clk 1:19:57]} bxc6 {[%clk 1:05:08]} 15. Ba6 {[%clk 1:16:30]} Rb8
{[%clk 1:03:11]} 16. Qf3 {[%clk 1:08:57]} Rb6 {[%clk 1:01:09]} 17. Bd3
{[%clk 1:06:14]} Bxd3 {[%clk 0:57:51]} 18. Qxd3 {[%clk 1:02:08]} O-O
{[%clk 0:57:35]} 19. f4 {[%clk 0:55:57]} c5 {[%clk 0:54:38]} 20. Be3
{[%clk 0:43:36]} Qc7 {[%clk 0:51:09]} 21. Rf2 {[%clk 0:40:57]} c4
{[%clk 0:38:23]} 22. Qe4 {[%clk 0:40:11]} Qb7 {[%clk 0:38:20]} 23. Qxb7
{[%clk 0:39:47]} Rxb7 {[%clk 0:38:49]} 24. a4 {[%clk 0:38:54]} Rb3
{[%clk 0:38:07]} 25. Rc2 {[%clk 0:39:03]} Rfb8 {[%clk 0:37:51]} 26. Raa2
{[%clk 0:37:40]} Bc7 {[%clk 0:36:37]} 27. Kg2 {[%clk 0:37:05]} Ba5
{[%clk 0:36:33]} 28. Bd2 {[%clk 0:37:12]} Rb1 {[%clk 0:35:30]} 29. Kf2
{[%clk 0:35:56]} Kf8 1/2-1/2

[Event "Lasker B 2018"]
[Site "?"]
[Date "2018.07.05"]
[Round "4.5"]
[White "Jozwik, Jaroslaw"]
[Black "Czechowski, Jakub"]
[Result "1/2-1/2"]
[BlackElo "1880"]
[WhiteElo "1680"]
[LiveChessVersion "1.4.8"]

1. d4 {[%clk 1:30:55]} Nf6 {[%clk 1:30:55]} 2. c4 {[%clk 1:31:01]} g6
{[%clk 1:31:21]} 3. Nc3 {[%clk 1:31:07]} Bg7 {[%clk 1:31:42]} 4. e4
{[%clk 1:31:21]} d6 {[%clk 1:32:10]} 5. f3 {[%clk 1:31:25]} O-O {[%clk 1:32:12]}
6. Be3 {[%clk 1:31:39]} e5 {[%clk 1:32:35]} 7. d5 {[%clk 1:31:24]} Nh5
{[%clk 1:33:03]} 8. Qd2 {[%clk 1:28:21]} Qh4+ {[%clk 1:32:21]} 9. Bf2
{[%clk 1:28:12]} Qf4 {[%clk 1:32:03]} 10. Be3 {[%clk 1:28:00]} Qh4+
{[%clk 1:31:16]} 11. Bf2 {[%clk 1:27:56]} Qe7 {[%clk 1:31:09]} 12. g4
{[%clk 1:27:32]} Nf4 {[%clk 1:29:41]} 13. O-O-O {[%clk 1:27:38]} Bh6
{[%clk 1:20:03]} 14. Kb1 {[%clk 1:26:52]} f5 {[%clk 1:11:45]} 15. gxf5
{[%clk 1:24:15]} gxf5 {[%clk 1:11:22]} 16. Nge2 {[%clk 1:21:40]} fxe4
{[%clk 1:09:12]} 17. Nxe4 {[%clk 1:17:47]} Bf5 {[%clk 1:07:50]} 18. Nxf4
{[%clk 1:17:22]} Bxf4 {[%clk 1:06:09]} 19. Be3 {[%clk 1:17:28]} Bg6
{[%clk 1:05:37]} 20. h4 {[%clk 1:11:39]} Bxe3 {[%clk 0:40:53]} 21. Qxe3
{[%clk 1:10:55]} Rf4 {[%clk 0:40:56]} 22. h5 {[%clk 1:07:31]} Bxe4+
{[%clk 0:41:04]} 23. fxe4 {[%clk 1:07:30]} Nd7 {[%clk 0:41:32]} 24. Bh3
{[%clk 1:07:40]} 1/2-1/2